000 01690cam a22004095i 4500
999 _c27607
_d27578
003 EG-ScBUE
005 20201111102036.0
008 190910r20052015cc a f d 000 0 chi d
020 _a9787561913642
040 _aEG-ScBUE
_beng
_erda
_cEG-ScBUE
_dEG-ScBUE
_dEG-ScBUE
082 0 4 _a495.182421
_bSHO
_222
245 0 0 _a汉语口语速成 /
_c马箭飞主编 ; 苏英霞, 翟艳编著. 马箭飞. 苏英霞. 翟艳 = Short-term spoken Chinese / edited by Jianfei Ma, Yingxi Su, Yan Zhai.
246 3 1 _aShort-term spoken Chinese.
_pThreshold,
_nVol. 1
246 3 1 _a汉语口语速成.
_p入门篇,
_n上 =
250 _aSecond edition.
250 _a第2版.
264 1 _aBeijing :
_bBeijing Language and Culture University Press,
_c2005.
264 3 _c[2015?]
264 1 _a北京 :
_b北京语言大学出版社,
_c2005.
300 _a161 pages :
_billustrations ;
_c24 cm.
336 _atext
_btxt
_2rdacontent
337 _aunmediated
_bn
_2rdamedia
338 _avolume
_bnc
_2rdacarrier
490 0 _a对外汉语短期強化系列教材 =
_aSeries of Chinese textbooks for short-term intensive training programs for foreigners
500 _aIncludes glossary.
505 2 _aVolume 1. Threshold.
546 _aText in simplified Chinese and English ; Chinese accompanied with Hanyu Pinyin.
650 7 _aChinese language
_vConversation and phrase books.
_2BUEsh
650 7 _aChinese language
_xStudy and teaching
_xForeign speakers.
_2BUEsh
653 _bHHUUCCHH
_cSeptember2019
653 _cNovember2020
655 _vText book
_933728
700 1 _aMa, Jianfei,
_eeditor.
700 1 _aSu, Yingxi,
_eeditor.
_910717
700 1 _aZhai, Yan,
_eeditor.
942 _2ddc
_cBB